• 首页
  • 本馆介绍
  • 公告通知
  • 最新文献
  • 馆藏检索
  • 电子资源
  • 读者导购
  • 参考咨询
  • 我的图书馆
  • 登录
  • 详细信息显示
  • 放入我的书架
  • 预约/预借图书
  • 作者相关作品
  • 分类相关作品
  • 丛书相关作品
  • 出版社相关作品

书目信息

  • 表格格式
  • 工作单格式
  • 卡片格式
题名:
冷静的化学因子
    
 
作者: 埃蒙斯 著 ;左燕茹 译
分册:  
出版信息: 北京   北京师范大学出版社  2013
页数: 282页
开本: 22cm
丛书名:
单 册:
中图分类: R749.7
科图分类:
主题词: 焦虑--防治
电子资源:
ISBN: 978-7-303-15009-0
000 01108nam0 2200265 450
001 339078
005 20150604093503.09
010    @a978-7-303-15009-0@dCNY34.00
100    @a20130703d2013 em y0chiy50 ea
101 1  @achi@ceng
102    @aCN@b110000
105    @ay z 000yy
106    @ar
200 1  @a冷静的化学因子@Aleng jing de hua xue yin zi@d= The chemistry of calm@f(美) 亨利·埃蒙斯著@g左燕茹译@zeng
210    @a北京@c北京师范大学出版社@d2013
215    @a282页@d22cm
300    @a养心术
330    @a本书包含了以下最新研究成果: 饮食——要想感觉好必须吃得好;锻炼——经证实, 运动能减少焦虑;补充营养——提高焦虑的自然抵抗力;静心冥想——包括冥想技巧在内的放松身心的方法, 将东方的冥想技巧与传统的西方饮食和运动疗法结合在一起, 产生了不同寻常的效果。通过使用该方法, 埃蒙斯博士帮助无数病人减缓了焦虑症状, 重新获得了本该与生俱来的恢复力。
510 1  @aChemistry of calm@zeng
606 0  @a焦虑@x防治
690    @aR749.7@v5
701  0 @c(美)@a埃蒙斯@Aai meng si@c(Emmons, Henry)@4著
702  0 @a左燕茹@Azuo yan ru@4译
801  0 @aCN@b卓展宏图@c20150525
905    @dR749.7@e101@f5
    
    冷静的化学因子= The chemistry of calm/(美) 亨利·埃蒙斯著/左燕茹译.-北京:北京师范大学出版社,2013
    282页;22cm
    养心术
    
    ISBN 978-7-303-15009-0:CNY34.00
    本书包含了以下最新研究成果: 饮食——要想感觉好必须吃得好;锻炼——经证实, 运动能减少焦虑;补充营养——提高焦虑的自然抵抗力;静心冥想——包括冥想技巧在内的放松身心的方法, 将东方的冥想技巧与传统的西方饮食和运动疗法结合在一起, 产生了不同寻常的效果。通过使用该方法, 埃蒙斯博士帮助无数病人减缓了焦虑症状, 重新获得了本该与生俱来的恢复力。
●
相关链接 在E读中查询图书 在五车中查询图书 在当当中查询图书 在豆瓣中查询图书


正题名:冷静的化学因子     索取号:R749.7/101         预约/预借

序号 登录号 条形码 馆藏地/架位号 状态 备注
1 859261   208592619   第二样本阅览室/ [索取号:R749.7/101] 在馆    
2 859262   208592628   第三借阅区/ [索取号:R749.7/101] 在馆    
3 859263   208592637   第三借阅区/ [索取号:R749.7/101] 在馆    
4 859264   208592646   第三借阅区/ [索取号:R749.7/101] 在馆    
5 859265   208592655   第三借阅区/ [索取号:R749.7/101] 在馆    
唐山师范学院图书馆 欢迎您!
大连网信软件有限公司© 版权所有